000 00446cam a2200145 4500500
005 20251012010632.0
041 _afre
042 _adc
100 1 0 _aCerf, Juliette
_eauthor
245 0 0 _aJe serai ton miroir
260 _c2009.
500 _a95
786 0 _nPhilosophie magazine | 31 | 7 | 2009-07-01 | p. 62-63 | 1951-1787
856 4 1 _uhttps://shs.cairn.info/magazine-philosophie-magazine-2009-7-page-62?lang=fr&redirect-ssocas=7080
999 _c1520041
_d1520041